Start k podnikání 3-4 Komplexní zpracování. Jednoduché účetnictví podnikatelů. Příklady. Vedení peněžní evidence. Náležitosti účetní evidence. Daň z príjmu obyvatelstva. (Otázky související)

Saved in:
Bibliographic Details
Format: Book
Language:Czech
Published: Praha PROFESS 1990
Edition:1. vyd.
Tags: Add Tag
No Tags, Be the first to tag this record!

MARC

LEADER 00000nam a2200000 4500
001 c036962
005 20221215120740.6
041 0 |a cze 
044 |a CZ 
245 1 0 |a Start k podnikání 3-4  |b Komplexní zpracování. Jednoduché účetnictví podnikatelů. Příklady. Vedení peněžní evidence. Náležitosti účetní evidence. Daň z príjmu obyvatelstva. (Otázky související) 
250 |a 1. vyd. 
264 1 |a Praha  |b PROFESS  |c 1990 
300 |a 56 s.